00537 2200193 4500001002100000005001500021035002000036245008300056100002600139250000600165300003300171700002600204260003600230082001100266084001700277020002200294600001000316990001700326INLIS00000000000155120230310020736 a0010-03230000511 aNasihat Burung Kenari /cYudhistira Ikranegara ; Editor, Trifia Astuti N, S.Pd0 aYudhistira Ikranegara a- a24 hlm. :bilus. ;c19,5 cm.0 aTrifia Astuti N, S.Pd aJakarta :bLingkar Media,c2017 a398.24 a398.24 YUD n a978-623-7868-59-0 4aFabel a05067/H/2023